|
|
|
|
| LEADER |
00000nim0a2200000 4500 |
| 001 |
71392 |
| 005 |
20231031082557.0 |
| 010 |
|
|
|a 1842161148
|
| 035 |
|
|
|a (RuTPU)RU\TPU\book\76014
|
| 035 |
|
|
|a RU\TPU\book\76013
|
| 090 |
|
|
|a 71392
|
| 100 |
|
|
|a 20041216f2004 m y0engy50 ba
|
| 101 |
0 |
|
|a eng
|
| 102 |
|
|
|a GB
|
| 105 |
|
|
|a y j 000zy
|
| 126 |
|
|
|a ckbujub||||||bu
|
| 127 |
|
|
|a hhmmss
|
| 128 |
|
|
|a zz
|b uu
|c uu
|
| 200 |
1 |
|
|a Enterprise 2 . Elementary
|b Audio-cassette
|e Coursebook. Class Cassette 4
|f V. Evans, J. Dooley
|
| 210 |
|
|
|a Newbury
|c Express Publishing
|c CenterCom
|d около2004
|
| 215 |
|
|
|a 1 audio-cassette (90 min)
|
| 333 |
|
|
|a Исключено из фонда НТБ ТПУ
|
| 700 |
|
1 |
|a Evans
|b V.
|g Virginia
|
| 701 |
|
1 |
|a Dooley
|b J.
|g Jenny
|
| 801 |
|
1 |
|a RU
|b 63413507
|c 20041216
|g PSBO
|
| 801 |
|
2 |
|a RU
|b 63413507
|c 20130328
|g PSBO
|
| 942 |
|
|
|c BK
|